[Event "79th ch-ESP 2014"]
[Site "Linares ESP"]
[Date "2014.08.31"]
[Round "7.15"]
[White "Sanchez Jerez, Emilio Miguel"]
[Black "Espinosa Aranda, Angel"]
[Result "0-1"]
[WhiteTitle "FM"]
[BlackTitle "IM"]
[WhiteElo "2232"]
[BlackElo "2385"]
[WhiteFideId "2256088"]
[BlackFideId "2278189"]
[EventDate "2014.08.25"]

1. Nc3 c5 2. Nf3 d6 3. d4 cxd4 4. Nxd4 Nc6 5. e4 Nf6 6. Be2 g6 7. Be3 Bg7 8. Nb3
O-O 9. f4 Be6 10. g4 Rc8 11. f5 Bd7 12. g5 Ne8 13. O-O Bxc3 14. bxc3 Ne5 15.
Bxa7 b6 16. Qd4 Nc6 17. Qxb6 Rc7 18. Rf3 Qa8 19. Qf2 Qxa7 20. Nd4 Nxd4 21. cxd4
Rxc2 22. Rf1 Bb5 23. fxg6 Rxe2 24. gxh7+ Kh8 25. Qh4 Qxd4+ 26. Kh1 Bc6 0-1

[Event "79th ch-ESP 2014"]
[Site "Linares ESP"]
[Date "2014.08.31"]
[Round "7.16"]
[White "Alvarez Fernandez, Enrique"]
[Black "Martinez Lopez, David"]
[Result "1-0"]
[WhiteTitle "FM"]
[WhiteElo "2355"]
[BlackElo "2209"]
[WhiteFideId "2227398"]
[BlackFideId "22235779"]
[EventDate "2014.08.25"]

1. d4 e6 2. Bf4 Nf6 3. e3 b6 4. Nf3 Bb7 5. Be2 d6 6. O-O g6 7. h3 Bg7 8. Bh2 O-O
9. c4 Nbd7 10. Nc3 Qe7 11. Qc2 e5 12. Rfe1 a6 13. a3 Rfe8 14. dxe5 Nxe5 15. Nxe5
dxe5 16. Red1 Red8 17. Rac1 Qe6 18. Bg3 Ne8 19. Nd5 Rab8 20. e4 h5 21. Bh4 Rd7
22. b4 Bh6 23. Rb1 Kh8 24. Bf3 Ba8 25. Qc3 f6 26. a4 c6 27. Ne3 Rbd8 28. Rxd7
Rxd7 29. Rd1 Rxd1+ 30. Bxd1 Bg7 31. Bb3 Qe7 32. Ba2 Bb7 33. c5 b5 34. axb5 axb5
35. Qb3 Qf8 36. Qe6 Nc7 37. Qd7 Qc8 38. Qf7 Kh7 39. Bxf6 Ne8 40. Bxe5 Qa8 41.
Qg8+ Kh6 42. Bf4+ g5 43. Nf5+ Kg6 44. Qf7+ Kh7 45. Qxh5+ 1-0

[Event "79th ch-ESP 2014"]
[Site "Linares ESP"]
[Date "2014.08.31"]
[Round "7.17"]
[White "Sanchez Aller, Fernando"]
[Black "Plazuelo Pascual, Juan"]
[Result "1-0"]
[WhiteTitle "FM"]
[WhiteElo "2352"]
[BlackElo "2081"]
[WhiteFideId "2222892"]
[BlackFideId "32059566"]
[EventDate "2014.08.25"]

1. e4 e6 2. d4 d5 3. Nc3 Nf6 4. Bg5 Be7 5. e5 Nfd7 6. h4 h6 7. Bxe7 Qxe7 8. f4
a6 9. Nf3 c5 10. Qd2 Nc6 11. O-O-O b5 12. f5 cxd4 13. Nxd4 Bb7 14. fxe6 fxe6 15.
Nxd5 exd5 16. Nf5 Qxe5 17. Re1 O-O-O 18. Rxe5 Ndxe5 19. Nxg7 d4 20. Bd3 Nxd3+
21. Qxd3 Rhg8 22. Ne6 Rde8 23. Nxd4 Nxd4 24. Qxd4 Rxg2 25. Rg1 Rge2 26. b3 Re1+
27. Rxe1 Rxe1+ 28. Kb2 1-0

[Event "79th ch-ESP 2014"]
[Site "Linares ESP"]
[Date "2014.08.31"]
[Round "7.18"]
[White "Rubio Mejia, Luis Ignacio"]
[Black "Hernandez Estevez, Yudania"]
[Result "1-0"]
[WhiteTitle "IM"]
[BlackTitle "WIM"]
[WhiteElo "2470"]
[BlackElo "2258"]
[WhiteFideId "2281228"]
[BlackFideId "2219344"]
[EventDate "2014.08.25"]

1. d4 d5 2. c4 c6 3. Nf3 Nf6 4. e3 a6 5. Bd3 g6 6. O-O Bg7 7. Nc3 O-O 8. h3 Qd6
9. b3 Bf5 10. a4 Re8 11. Ba3 Qd8 12. Bxf5 gxf5 13. Ne5 Nbd7 14. Nd3 Ne4 15. Ne2
Rc8 16. Rc1 Ndf6 17. f3 Ng5 18. Ng3 f4 19. Nxf4 Qd7 20. h4 Ne6 21. Nd3 Nf8 22.
Ne5 Qe6 23. f4 Rcd8 24. f5 Qc8 25. Nh5 N8d7 26. Nxg7 Kxg7 27. Qf3 Qb8 28. Qg3+
Kf8 29. Qf4 c5 30. Rf3 Ng8 31. Ra1 1-0

[Event "79th ch-ESP 2014"]
[Site "Linares ESP"]
[Date "2014.08.31"]
[Round "7.19"]
[White "Mora Menezo, Jesus"]
[Black "Antoli Royo, Joaquin Miguel"]
[Result "0-1"]
[BlackTitle "IM"]
[WhiteElo "2196"]
[BlackElo "2428"]
[WhiteFideId "2228980"]
[BlackFideId "2259532"]
[EventDate "2014.08.25"]

1. e4 c5 2. Nf3 d6 3. Bc4 Nc6 4. O-O Nf6 5. d3 g6 6. c3 Bg7 7. Bb3 O-O 8. h3 e5
9. Re1 h6 10. d4 cxd4 11. cxd4 exd4 12. Nxd4 Nxd4 13. Qxd4 Re8 14. Nc3 Be6 15.
Qb4 Bxb3 16. Qxb3 d5 17. Bf4 g5 18. Bh2 Nxe4 19. Nxe4 dxe4 20. Qxb7 Qb6 21. Qxb6
axb6 22. Re2 f5 23. Bc7 Re6 24. Rc2 f4 25. a3 Rc8 26. Rac1 Bd4 27. Kf1 Kf7 28.
Rd1 Bf6 29. a4 Be7 30. Rdc1 Ra8 31. Rc4 Ra5 32. Re1 Rc5 33. Rxc5 Bxc5 34. Rc1
Re7 35. b4 Rxc7 36. bxc5 bxc5 37. Rc4 Ke6 38. Rxe4+ Kd5 39. f3 c4 40. Ke1 Ra7
41. h4 Rxa4 42. hxg5 hxg5 43. g3 fxg3 44. Rg4 Ra1+ 0-1

[Event "79th ch-ESP 2014"]
[Site "Linares ESP"]
[Date "2014.08.31"]
[Round "7.20"]
[White "Pallardo Lozoya, Jose Vicente"]
[Black "Castilla Leon Salas, Carlos"]
[Result "1-0"]
[WhiteTitle "FM"]
[WhiteElo "2387"]
[BlackElo "2190"]
[WhiteFideId "2230380"]
[BlackFideId "2260450"]
[EventDate "2014.08.25"]

1. e4 g6 2. Nc3 Bg7 3. g3 d6 4. Bg2 c5 5. d3 Nc6 6. f4 Rb8 7. h3 e6 8. Nf3 Nge7
9. O-O b5 10. Qe2 b4 11. Nd1 Nd4 12. Qf2 O-O 13. Be3 Nec6 14. Nh4 Ne7 15. c3
bxc3 16. bxc3 Nb5 17. Rc1 f5 18. e5 Nd5 19. Bd2 Nb6 20. exd6 Qxd6 21. Nb2 Ba6
22. Nf3 Nc7 23. Ne5 Nd7 24. Nxd7 Qxd7 25. Be3 Nd5 26. Bxc5 Nxc3 27. Kh2 Rfc8 28.
Bxa7 Rxb2 29. Qxb2 Qxa7 30. Qb3 Qd7 31. Rfe1 Nd5 32. Rxc8+ Bxc8 33. Rxe6 Qd8 34.
Re2 1-0

[Event "79th ch-ESP 2014"]
[Site "Linares ESP"]
[Date "2014.08.31"]
[Round "7.21"]
[White "Vega Gutierrez, Belinda"]
[Black "Sos Andreu, Eric"]
[Result "0-1"]
[WhiteTitle "WIM"]
[BlackTitle "FM"]
[WhiteElo "2169"]
[BlackElo "2355"]
[WhiteFideId "2229994"]
[BlackFideId "22247017"]
[EventDate "2014.08.25"]

1. e4 c6 2. d4 d5 3. Nc3 dxe4 4. Nxe4 Bf5 5. Ng3 Bg6 6. h4 h6 7. Nf3 Nd7 8. h5
Bh7 9. Bd3 Bxd3 10. Qxd3 e6 11. Bf4 Qa5+ 12. Bd2 Bb4 13. c3 Be7 14. c4 Qc7 15.
O-O-O Ngf6 16. Kb1 O-O 17. Ne4 Rfd8 18. g3 Nxe4 19. Qxe4 Nf6 20. Qe2 c5 21. Bc3
Rac8 22. b3 a6 23. Ne5 b5 24. f4 bxc4 25. Nxc4 Nd5 26. Bb2 Bf6 27. dxc5 Bxb2 28.
Kxb2 Qxc5 29. Rhf1 Nf6 30. g4 Rd5 31. Ne3 Rxd1 32. Rxd1 Qc3+ 33. Kb1 Qb4 34.
Qxa6 Qe4+ 35. Kb2 Ra8 36. Qb6 Nd5 37. Qb7 Rxa2+ 38. Kxa2 Nc3+ 0-1

[Event "79th ch-ESP 2014"]
[Site "Linares ESP"]
[Date "2014.08.31"]
[Round "7.22"]
[White "Andres Gonzalez, Ivan"]
[Black "Collado Barbas, Laura"]
[Result "1-0"]
[WhiteTitle "FM"]
[BlackTitle "WFM"]
[WhiteElo "2354"]
[BlackElo "2117"]
[WhiteFideId "2217783"]
[BlackFideId "2294907"]
[EventDate "2014.08.25"]

1. e4 e6 2. d4 d5 3. Nc3 Nc6 4. Nf3 Nf6 5. e5 Ne4 6. Ne2 f6 7. Ng3 Be7 8. Bd3 f5
9. c3 O-O 10. Ne2 Qe8 11. h4 Bd7 12. Nf4 Nd8 13. c4 Bb4+ 14. Kf1 dxc4 15. Bxc4
Bb5 16. Qb3 Bxc4+ 17. Qxc4 Ba5 18. Be3 b5 19. Qb3 Bb6 20. Rc1 Rc8 21. Ng5 Nxg5
22. hxg5 g6 23. d5 Bxe3 24. fxe3 Nf7 25. Nxe6 Nxe5 26. Qc3 1-0

[Event "79th ch-ESP 2014"]
[Site "Linares ESP"]
[Date "2014.08.31"]
[Round "7.23"]
[White "Domingo Nunez, Alejandro"]
[Black "Torres Ventosa, Pedro Eugenio"]
[Result "1-0"]
[BlackTitle "FM"]
[WhiteElo "2023"]
[BlackElo "2334"]
[WhiteFideId "22245561"]
[BlackFideId "2280663"]
[EventDate "2014.08.25"]

1. e4 d6 2. d4 Nf6 3. Nc3 Nbd7 4. Nf3 e5 5. Bc4 Be7 6. O-O O-O 7. Re1 c6 8. a4
a5 9. d5 Nb6 10. Bb3 cxd5 11. Nxd5 Nbxd5 12. Bxd5 Nxd5 13. Qxd5 Qc7 14. Qd3 h6
15. b3 f5 16. Ba3 fxe4 17. Qd5+ Kh8 18. Rxe4 Ra6 19. Rc4 Rc6 20. Rd1 Rf6 21. h3
Bf5 22. Rd2 Bh7 23. Qb5 Bg8 24. Rxc6 bxc6 25. Qe2 Rf4 26. c4 c5 27. Bb2 Qb7 28.
Qe3 Re4 29. Qc3 Qb6 30. Rd3 Bh7 31. Re3 Bf6 32. Qe1 Rf4 33. Bc3 Qc6 34. Bxa5 e4
35. Nh2 Bd4 36. Re2 d5 37. Qc1 Rf8 38. Nf1 Qa6 39. Be1 Be5 40. Nd2 Bf4 41. Qd1
Bxd2 42. Bxd2 d4 43. f3 e3 44. Bxe3 dxe3 45. Rxe3 Bg6 46. Qd5 Rf5 47. Re8+ Bxe8
48. Qxf5 Qc6 49. a5 Bg6 50. Qe5 Kh7 51. Qd5 Qc8 52. Qd6 Qf5 53. a6 Qb1+ 54. Kh2
Qa2 55. Qb6 Bd3 56. Qxc5 Qxa6 57. Qd5 Qg6 58. Qd4 h5 59. Kg1 Bf5 60. Kf2 Be6 61.
g4 h4 62. Ke3 Qc2 63. Qe4+ Qxe4+ 64. Kxe4 Kg6 65. Ke5 Kf7 66. Ke4 Kf6 67. Kd4
Bc8 68. b4 Bb7 69. Ke3 Ke5 70. b5 g5 71. c5 Bd5 72. c6 Kf6 73. c7 Bb7 74. f4
gxf4+ 75. Kxf4 Bc8 76. b6 Kg6 77. Ke5 Kg5 78. Kd6 Kf4 79. Kc6 Kg3 80. b7 Bxb7+
81. Kxb7 Kxh3 82. c8=Q Kg3 83. g5 1-0

[Event "79th ch-ESP 2014"]
[Site "Linares ESP"]
[Date "2014.08.31"]
[Round "7.24"]
[White "Gavilan Diaz, Mario"]
[Black "Guerra Rivera, Salvador"]
[Result "1-0"]
[WhiteTitle "FM"]
[WhiteElo "2291"]
[BlackElo "1849"]
[WhiteFideId "2260905"]
[BlackFideId "32096542"]
[EventDate "2014.08.25"]

1. d4 e6 2. c4 f5 3. Nf3 d5 4. g3 Nf6 5. Bg2 c6 6. O-O Bd6 7. b3 Qe7 8. Bb2 O-O
9. Qc1 Ne4 10. Ba3 Nd7 11. Bxd6 Nxd6 12. e3 b5 13. Nbd2 a5 14. cxb5 cxb5 15. Qb2
b4 16. a3 Ba6 17. Rfc1 Bd3 18. Ne1 Bb5 19. Bf1 Bxf1 20. Kxf1 Ne4 21. Ndf3 Rfc8
22. Nd3 Qd6 23. axb4 axb4 24. Kg2 h6 25. Ra4 Kh7 26. Rxb4 Rxc1 27. Qxc1 Ra2 28.
Ra4 Rxa4 29. bxa4 Qa6 30. Qc2 Qc4 31. Qxc4 dxc4 32. Nf4 e5 33. dxe5 c3 34. e6
Ndf6 35. Ne1 Nc5 36. a5 Kg8 37. Kf1 Kf8 38. Ke2 g5 39. Nfd3 Nxe6 40. a6 Ke7 41.
a7 Nc7 42. Ne5 Ke6 43. Nc4 Na8 44. Kd3 Nd5 45. Nc2 Ne7 46. Kxc3 Nc8 47. Nd4+ Kf6
48. Nb5 Ke6 49. Kd4 h5 50. Kc5 Kd7 51. f4 g4 52. Ne5+ Kd8 53. Kc6 Nc7 54. Nf7+
Ke7 55. Kxc7 Ke8 1-0

[Event "79th ch-ESP 2014"]
[Site "Linares ESP"]
[Date "2014.08.31"]
[Round "7.25"]
[White "Rodriguez Garcia, Manuel Fco"]
[Black "Shen, Yue"]
[Result "1-0"]
[WhiteElo "2158"]
[BlackElo "2266"]
[WhiteFideId "2218178"]
[BlackFideId "22251006"]
[EventDate "2014.08.25"]

1. d4 Nf6 2. c4 b6 3. f3 Nc6 4. Nc3 e5 5. d5 Na5 6. e4 Bb4 7. Bd2 O-O 8. Bd3 Nh5
9. g3 Nb7 10. f4 g6 11. fxe5 d6 12. Be2 Ng7 13. a3 Bc5 14. exd6 Nxd6 15. Nf3 a5
16. e5 Ndf5 17. Ne4 Ne3 18. Qb3 Ng2+ 19. Kd1 Qe7 20. Bg5 f6 21. Nxf6+ Rxf6 22.
Ng1 Rf1+ 23. Bxf1 Qd8 1-0

[Event "79th ch-ESP 2014"]
[Site "Linares ESP"]
[Date "2014.08.31"]
[Round "7.26"]
[White "Sanchez Saez, Francisco"]
[Black "Meco Benitez, Jose Luis"]
[Result "1/2-1/2"]
[WhiteTitle "FM"]
[WhiteElo "2319"]
[BlackElo "2028"]
[WhiteFideId "2231743"]
[BlackFideId "2266369"]
[EventDate "2014.08.25"]

1. e4 d5 2. Nc3 dxe4 3. Nxe4 Qd5 4. Qf3 c6 5. Ne2 Bf5 6. d3 Nd7 7. N2c3 Qa5 8.
Bd2 g6 9. Ne2 Bxe4 10. dxe4 Qc7 11. Bc3 e5 12. O-O-O Ngf6 13. g4 Bh6+ 14. Kb1
O-O-O 15. h4 Nxe4 16. g5 Nxc3+ 17. Nxc3 Bg7 18. Bh3 Kb8 19. Qxf7 Nb6 20. Qb3 Rd4
21. a4 Rhd8 22. Rxd4 exd4 23. Ne4 Qe5 24. Qg3 Qxg3 25. fxg3 Nxa4 26. Rf1 d3 27.
cxd3 Rxd3 28. Kc2 Re3 29. Nd6 Bxb2 30. Rf7 Be5 31. Rxb7+ Ka8 32. Rd7 Re2+ 33.
Kd3 Nc5+ 34. Kxe2 Nxd7 35. Bxd7 Bxd6 36. Bxc6+ Kb8 37. Kf3 a5 38. g4 Kc7 39. Ba4
Kd8 40. Bb3 Ke7 41. Bg8 Kf8 42. Bb3 Bb4 43. Kg3 Kg7 44. Kh3 1/2-1/2

[Event "79th ch-ESP 2014"]
[Site "Linares ESP"]
[Date "2014.08.31"]
[Round "7.27"]
[White "Suarez Triguero, Jose Alfonso"]
[Black "Aranaz Murillo, Amalia"]
[Result "0-1"]
[BlackTitle "WIM"]
[WhiteElo "2084"]
[BlackElo "2314"]
[WhiteFideId "2231204"]
[BlackFideId "22200371"]
[EventDate "2014.08.25"]

1. e4 c6 2. d4 d5 3. exd5 cxd5 4. Bd3 Nc6 5. c3 Qc7 6. h3 g6 7. Nf3 Bf5 8. O-O
Nf6 9. Re1 Bxd3 10. Qxd3 Bg7 11. Na3 a6 12. Nc2 O-O 13. Ne3 e6 14. Ng4 Ne4 15.
Bh6 Bxh6 16. Nxh6+ Kg7 17. Ng4 Qf4 18. Qe3 Qxe3 19. Nxe3 b5 20. Rac1 Rfc8 21.
Rc2 Rc7 22. Rec1 Rac8 23. Ne1 Nb8 24. a4 Nd7 25. axb5 axb5 26. Ra1 Nb6 27. Ra5
Nd6 28. Nd3 Ra8 29. Rxa8 Nxa8 30. Rc1 Ra7 31. Nc2 Nb6 32. Ncb4 Ne4 33. Rd1 h5
34. f3 Ng3 35. Kf2 h4 36. Nc6 Ra2 37. Ncb4 Ra8 38. Re1 Nc4 39. Rb1 g5 40. Re1
Kf6 41. Rd1 Kf5 42. Re1 Nh5 43. Re2 Nf4 44. Nxf4 gxf4 45. Nd3 Ra1 46. Re1 Ra2
47. Rb1 f6 48. Ke2 Ne3 49. Nb4 Ra8 50. Rg1 Rg8 51. Nc6 Rg7 52. Kf2 e5 53. Ke2
Rc7 54. Nb4 exd4 55. Kd3 dxc3 56. bxc3 Ke5 57. Ra1 Nxg2 58. Ra6 Ne1+ 59. Ke2
Nxf3 60. Kxf3 Rxc3+ 61. Ke2 Re3+ 62. Kd2 Rxh3 63. Nd3+ Kf5 64. Nf2 Rb3 65. Nd3
Rb1 66. Rd6 h3 67. Rxd5+ Kg4 68. Nf2+ Kg3 69. Ne4+ Kf3 70. Nxf6 h2 71. Rd3+ Kg2
72. Nd5 Rf1 0-1

[Event "79th ch-ESP 2014"]
[Site "Linares ESP"]
[Date "2014.08.31"]
[Round "7.28"]
[White "Sacristan Latorre, Alberto"]
[Black "Suarez Uriel, Adrian"]
[Result "0-1"]
[WhiteElo "2066"]
[BlackElo "2292"]
[WhiteFideId "22201211"]
[BlackFideId "22230874"]
[EventDate "2014.08.25"]

1. e4 c5 2. Ne2 Nc6 3. d4 cxd4 4. Nxd4 g6 5. c4 Bg7 6. Be3 d6 7. Qd2 Nf6 8. f3
O-O 9. Nc3 Bd7 10. Be2 Nxd4 11. Bxd4 Bc6 12. O-O Nd7 13. b4 Bxd4+ 14. Qxd4 Qb6
15. Qxb6 Nxb6 16. Rac1 Rfc8 17. b5 Bd7 18. Nd5 Kf8 19. Rfd1 Rc5 20. Rd4 Bxb5 21.
Rb1 Bd7 22. Nxb6 axb6 23. Rd2 Ra6 24. Kf2 Be6 25. Rb4 Rca5 26. Rbb2 Rc5 27. Rb4
Ke8 28. Rdb2 Rca5 29. c5 dxc5 30. Rxb6 Rxb6 31. Rxb6 Rxa2 32. Ke3 Ra3+ 33. Kf4
Rb3 34. Bb5+ Kd8 35. Rxb7 Bc8 36. Rb6 Bd7 0-1

[Event "79th ch-ESP 2014"]
[Site "Linares ESP"]
[Date "2014.08.31"]
[Round "7.29"]
[White "Sanchez Barbado, Carlos"]
[Black "Ruperez Benito, Antonio"]
[Result "1/2-1/2"]
[WhiteElo "2249"]
[BlackElo "2018"]
[WhiteFideId "2273012"]
[BlackFideId "22245049"]
[EventDate "2014.08.25"]

1. e4 e6 2. d4 d5 3. Nd2 Nf6 4. e5 Nfd7 5. Bd3 c5 6. c3 Nc6 7. Ngf3 Be7 8. O-O
g5 9. dxc5 g4 10. Nd4 Ndxe5 11. Bb5 Bd7 12. Re1 h5 13. N2b3 Nxd4 14. Bxd7+ Qxd7
15. cxd4 Ng6 16. Bd2 Bf6 17. Rc1 Rc8 18. Qe2 Rg8 19. Qd3 h4 20. f4 Kf8 21. f5
exf5 22. Rf1 f4 23. c6 Rxc6 24. Rxc6 Qxc6 25. Bxf4 Nxf4 26. Rxf4 Rg6 27. g3 hxg3
28. hxg3 b6 29. Kg2 Kg7 30. Qd1 Qe6 31. Nc1 Be7 32. Qd3 Bg5 33. Rf1 Qe4+ 34.
Qxe4 dxe4 35. Ne2 Rd6 36. Rf5 Kg6 37. Re5 f5 38. Re8 Be3 39. Ra8 Rd7 40. Rg8+
Kf7 41. Rh8 Bxd4 42. Rh5 Kf6 43. Rh6+ Ke5 44. Nf4 Bxb2 45. Re6+ Kd4 46. Rf6 Ke3
47. Rxf5 Rd2+ 48. Kf1 Bd4 49. Nd5+ Kd3 50. Rg5 Rd1+ 51. Kg2 Rg1+ 52. Kh2 Ra1 53.
Rxg4 e3 54. Nf4+ Kd2 55. Kg2 Bc5 56. Rg7 Rg1+ 57. Kh2 e2 58. Rd7+ Ke3 59. Rd3+
Ke4 60. Nxe2 Kxd3 61. Nxg1 a5 62. Nf3 a4 63. g4 a3 64. g5 Bf8 65. Ne5+ Kc3 66.
Nd7 Bg7 67. Nxb6 Bd4 68. g6 Kb2 1/2-1/2

[Event "79th ch-ESP 2014"]
[Site "Linares ESP"]
[Date "2014.08.31"]
[Round "7.30"]
[White "Silva Rodriguez, Fernando"]
[Black "Lucena Moreno, Rafael"]
[Result "1-0"]
[WhiteElo "2217"]
[BlackElo "1986"]
[WhiteFideId "2215268"]
[BlackFideId "22225641"]
[EventDate "2014.08.25"]

1. d4 d5 2. c4 c6 3. Nf3 Nf6 4. Nc3 e6 5. e3 Nbd7 6. Qc2 Bd6 7. Be2 dxc4 8. Bxc4
Qe7 9. O-O O-O 10. Bd2 b6 11. Rfd1 Bb7 12. Be1 Rac8 13. a3 Rfd8 14. Ba2 c5 15.
Qe2 a6 16. Rac1 cxd4 17. exd4 Bf4 18. Rc2 Qd6 19. h3 Rc7 20. Ne5 Rdc8 21. Nxd7
Qxd7 22. f3 Bd5 23. Bxd5 Nxd5 24. Bd2 Bxd2 25. Rcxd2 b5 26. Ne4 Rc6 27. Nc5 Qd6
28. Qe4 h6 29. Rf1 Nf6 30. Qe3 Qg3 31. Re1 Nd5 32. Qf2 Qxf2+ 33. Kxf2 R8c7 34.
g3 Nf6 35. Red1 a5 36. Nb3 a4 37. Nc5 Nd7 38. Ne4 Nb6 39. Nc5 Nc4 40. Re2 Rd6
41. Ne4 Rd8 42. f4 Rb7 43. Rd3 b4 44. Nc5 Rb5 45. Nxa4 Ra5 46. Rc2 Rxa4 47. Rxc4
Rb8 48. Rb3 1-0

[Event "79th ch-ESP 2014"]
[Site "Linares ESP"]
[Date "2014.08.31"]
[Round "7.31"]
[White "Ruiz Font, Elisabet"]
[Black "Romero Berruezo, Francisco"]
[Result "0-1"]
[WhiteElo "2063"]
[BlackElo "2211"]
[WhiteFideId "2200490"]
[BlackFideId "2224500"]
[EventDate "2014.08.25"]

1. e4 d6 2. d4 e5 3. Nf3 exd4 4. Nxd4 Nf6 5. Nc3 Be7 6. Be2 O-O 7. O-O Re8 8. f4
Bf8 9. Bf3 c6 10. Re1 Nfd7 11. Be3 a5 12. a3 a4 13. b3 Nb6 14. Qd2 N8d7 15. Qf2
axb3 16. cxb3 Nc5 17. Qc2 g6 18. a4 Na6 19. Rad1 Nd7 20. Qd2 Qa5 21. Nce2 Qxd2
22. Bxd2 Ndc5 23. Nc1 Bg7 24. Bc3 Ne6 25. g3 Nec5 26. Re3 h5 27. Kf2 Bg4 28.
Nde2 Bf8 29. Ng1 Nxe4+ 30. Kg2 Nxc3 31. Rxc3 Bf5 32. Kf2 d5 33. Nge2 Nc5 34. Nd4
Be4 35. Nce2 Bxf3 36. Kxf3 Ne4 37. Rc2 Bb4 38. h3 Kg7 39. g4 hxg4+ 40. hxg4 Rh8
41. Ng3 Rh3 42. Ne2 Rah8 43. Ra2 f5 44. gxf5 gxf5 45. Rg1 Kf6 46. Nd4 Bc5 0-1

[Event "79th ch-ESP 2014"]
[Site "Linares ESP"]
[Date "2014.08.31"]
[Round "7.32"]
[White "Silva Rodriguez, Julio"]
[Black "Domingo Nunez, Ruben"]
[Result "1-0"]
[WhiteElo "2210"]
[BlackElo "1970"]
[WhiteFideId "2215284"]
[BlackFideId "22245570"]
[EventDate "2014.08.25"]

1. e4 e6 2. d4 d5 3. Nd2 c5 4. Ngf3 Nc6 5. Bb5 Nf6 6. exd5 exd5 7. O-O Be7 8.
dxc5 O-O 9. Nb3 Ne4 10. Be3 Na5 11. Nfd2 Nxb3 12. Nxb3 a6 13. Bd3 Qc7 14. c4 Be6
15. Qc2 Nf6 16. Nd4 h6 17. Nxe6 fxe6 18. Be2 Rad8 19. Rad1 Qe5 20. Bd4 Qc7 21.
cxd5 exd5 22. Bf3 Nh7 23. Qg6 Bf6 24. Be3 Kh8 25. Rxd5 Rxd5 26. Be4 1-0

[Event "79th ch-ESP 2014"]
[Site "Linares ESP"]
[Date "2014.09.01"]
[Round "8.1"]
[White "Del Rio De Angelis, Salvador G."]
[Black "Vallejo Pons, Francisco"]
[Result "1/2-1/2"]
[WhiteTitle "GM"]
[BlackTitle "GM"]
[WhiteElo "2529"]
[BlackElo "2698"]
[WhiteFideId "2203138"]
[BlackFideId "2205530"]
[EventDate "2014.08.25"]

1. d4 Nf6 2. c4 e6 3. Nc3 Bb4 4. e3 b6 5. Bd3 Bb7 6. f3 c5 7. a3 cxd4 8. axb4
dxc3 9. Ne2 Nc6 10. b5 Ne5 11. Nxc3 d5 12. Be2 dxc4 13. Qxd8+ Kxd8 14. e4 Nfd7
15. Be3 Ke7 16. f4 Nd3+ 17. Bxd3 cxd3 18. Kd2 Rhd8 19. Ra4 a6 20. bxa6 Rxa6 21.
Rxa6 Bxa6 22. Ra1 Ra8 23. b4 Bb7 24. Rxa8 Bxa8 25. Kxd3 f5 26. g3 Bc6 27. exf5
exf5 28. Bd4 g6 29. b5 Bg2 30. Na4 Bf1+ 31. Ke3 Bxb5 32. Nxb6 Nxb6 33. Bxb6 Bc6 1/2-1/2

[Event "79th ch-ESP 2014"]
[Site "Linares ESP"]
[Date "2014.09.01"]
[Round "8.2"]
[White "Vazquez Igarza, Renier"]
[Black "Arribas Lopez, Angel"]
[Result "1/2-1/2"]
[WhiteTitle "GM"]
[BlackTitle "IM"]
[WhiteElo "2603"]
[BlackElo "2503"]
[WhiteFideId "3503054"]
[BlackFideId "2283352"]
[EventDate "2014.08.25"]

1. d4 e6 2. c4 Nf6 3. Nf3 c5 4. e3 a6 5. Nc3 d5 6. dxc5 Bxc5 7. a3 O-O 8. b4 Ba7
9. Bb2 Nc6 10. Rc1 Qe7 11. cxd5 Rd8 12. Be2 exd5 13. O-O d4 14. exd4 Nxd4 15.
Nxd4 Bxd4 16. Qc2 Qe5 17. Nd1 Bf5 18. Bxd4 Rxd4 19. Qc5 Rd5 20. Qe3 Qd6 21. Nc3
Re5 22. Rfd1 Qe7 23. Qf4 Re8 24. Bf1 h6 25. Qd4 Bg4 26. f3 Bf5 27. h3 Bd7 28.
Qd6 Qxd6 29. Rxd6 Rc8 30. Kf2 Be6 31. Rdd1 1/2-1/2

[Event "79th ch-ESP 2014"]
[Site "Linares ESP"]
[Date "2014.09.01"]
[Round "8.3"]
[White "Ibarra Jerez, Jose Carlos"]
[Black "Perez Candelario, Manuel"]
[Result "1/2-1/2"]
[WhiteTitle "GM"]
[BlackTitle "GM"]
[WhiteElo "2521"]
[BlackElo "2575"]
[WhiteFideId "2226332"]
[BlackFideId "2210622"]
[EventDate "2014.08.25"]

1. e4 e6 2. d4 d5 3. Bd3 dxe4 4. Bxe4 Nf6 5. Bf3 Nbd7 6. Ne2 Be7 7. O-O O-O 8.
Nbc3 e5 9. Be3 c6 10. Ng3 exd4 11. Bxd4 Nc5 12. Re1 Re8 13. Nce4 Ncxe4 14. Nxe4
Nxe4 15. Bxe4 g6 16. Bc3 Qxd1 17. Raxd1 Be6 18. a3 Rad8 19. Rxd8 Rxd8 20. Bd3
Kf8 21. Kf1 c5 22. g3 b6 23. h4 c4 24. Be4 f5 25. Bf3 Kf7 26. Rd1 Rxd1+ 27. Bxd1
Bd5 28. Bd4 Ke6 29. f4 Kd7 30. Kf2 Kc6 31. Ke3 a6 32. c3 b5 33. Bc2 h5 1/2-1/2

[Event "79th ch-ESP 2014"]
[Site "Linares ESP"]
[Date "2014.09.01"]
[Round "8.4"]
[White "Anton Guijarro, David"]
[Black "Vega Gutierrez, Sabrina"]
[Result "1/2-1/2"]
[WhiteTitle "GM"]
[BlackTitle "IM"]
[WhiteElo "2624"]
[BlackElo "2395"]
[WhiteFideId "2285525"]
[BlackFideId "2219026"]
[EventDate "2014.08.25"]

1. Nf3 d5 2. g3 Nf6 3. Bg2 g6 4. c4 c6 5. b3 Bg7 6. Bb2 a5 7. O-O O-O 8. d3 Na6
9. Nbd2 Re8 10. a3 Ne4 11. Bxg7 Nxd2 12. Qxd2 Kxg7 13. b4 axb4 14. axb4 dxc4 15.
Qc3+ f6 16. dxc4 Bd7 17. Rfd1 Qc7 18. c5 Rad8 19. Nd4 Bc8 20. Rd2 e5 21. Nb3 Re7
22. e3 Be6 23. Bf1 Bxb3 24. Rxd8 Qxd8 25. Qxb3 Nc7 26. Qa4 Rd7 27. Qa5 e4 28.
Qb6 Ne6 29. Qxd8 Nxd8 30. Bc4 f5 31. Kg2 Kf6 32. Ra8 Nf7 33. Rf8 Kg7 34. Re8 h5
35. Be6 Rc7 36. f3 Ng5 37. fxe4 Nxe4 38. Rb8 Nc3 39. Rd8 Re7 40. Rd6 Ne4 41. Rd7
Rxd7 42. Bxd7 Nc3 43. Kf3 Nd5 44. b5 cxb5 45. Bxb5 Nc3 46. c6 bxc6 47. Bxc6 Kf6
48. h4 Ke5 49. Be8 Kf6 50. Bc6 Ke5 1/2-1/2

[Event "79th ch-ESP 2014"]
[Site "Linares ESP"]
[Date "2014.09.01"]
[Round "8.5"]
[White "Matnadze, Ana"]
[Black "Salgado Lopez, Ivan"]
[Result "0-1"]
[WhiteTitle "IM"]
[BlackTitle "GM"]
[WhiteElo "2385"]
[BlackElo "2620"]
[WhiteFideId "13601377"]
[BlackFideId "2257327"]
[EventDate "2014.08.25"]

1. d4 Nf6 2. e3 d6 3. g3 Bg4 4. f3 Bd7 5. Bg2 c5 6. f4 Qb6 7. d5 g6 8. Nc3 Bg7
9. h3 O-O 10. Nf3 e6 11. dxe6 Bxe6 12. O-O Nc6 13. e4 Rad8 14. Nd5 Bxd5 15. exd5
c4+ 16. Kh2 Nb4 17. Ne1 Qc5 18. g4 Rfe8 19. f5 Ne4 20. f6 Nxf6 21. Bg5 Nbxd5 22.
Qf3 Rd7 23. Qf2 Qxf2 24. Rxf2 Ne4 25. Bxe4 Rxe4 26. c3 Nxc3 27. bxc3 Bxc3 28.
Nc2 Bxa1 29. Nxa1 d5 30. Rc2 Kg7 31. Bc1 b5 32. Kg3 d4 33. a4 d3 34. Rf2 c3 35.
Nb3 d2 36. Nxd2 cxd2 37. Bxd2 Rd3+ 38. Kh4 f6 39. Rh2 h5 40. axb5 g5+ 41. Kxh5
Re8 0-1